| 000 | 01229nam a2200289 a 4500 | ||
|---|---|---|---|
| 003 | OSt | ||
| 005 | 20251106160130.0 | ||
| 008 | |||
| 020 | _a0813816203 (paperback.) | ||
| 040 |
_cNUST _aNUST _beng _dNUST _erda |
||
| 050 | _aQH505 DIS | ||
| 100 |
_aGeorge P. Scott _eeditor |
||
| 245 | 1 | 0 |
_aDissipative structures and spatiotemporal organization studies in biomedical research : _breport of the First John Lawrence Interdisciplinary Symposium on the Physical and Biomedical Sciences, held January 17, 1979, in Sioux Falls, South Dakota / _cedited by George P. Scott |
| 260 | 0 |
_aAmes, Iowa : _bIowa State University Press, _c©1980. |
|
| 300 |
_ax, 271 pages. : _billustrations. ; _c23 cm. |
||
| 336 |
_2rdacontent _atext _btxt |
||
| 337 |
_2rdamedia _aunmediated _bn |
||
| 338 |
_2rdacarrier _avolume _bnc |
||
| 504 | _aIncludes bibliographical references and index | ||
| 650 | 0 |
_aBiophysics _xCongresses. |
|
| 650 | 0 |
_aBiological rhythms _xCongresses. |
|
| 650 | 0 |
_aMorphogenesis _xCongresses. |
|
| 650 | 0 |
_aThermodynamics _xCongresses. |
|
| 700 | 1 | 0 |
_aScott, George P. _eeditor |
| 700 | 1 | 0 |
_aMcMillin, J. Michael _eeditor |
| 942 |
_cBOOKS _kQH505 _2lcc _hQH505 DIS _mDIS _n0 |
||
| 999 |
_c158397 _d158397 |
||